Normal view
MARC view
- Lara Tapia, Luis
Entry Nombre Personal
001 - NUMERO DE CONTROL
- campo de control: 44685
003 - IDENTIFICADOR DE NUMERO DE CONTROL
- campo de control: UPN
005 - FECHA Y HORA DE LA ÜLTIMA TRANSACCIÓN
- campo de control: 20220603124141.0
008 - DATOS DE LONGITUD FIJA
- campo de control de longitud fija: 220603nn acn||aabn | a|a d
040 ## - FUENTE DE CATALOGACIÓN
- Agencia original de catalogación: MX-MxUPN
100 1# - ENCABEZAMIENTO - NOMBRE PERSONAL
- Nombre personal: Lara Tapia, Luis
400 1# - VEÁSE - NOMBRE DE PERSONA
- Personal name: Tapia, Luis Lara
670 ## - FUENTE EN LA QUE SE LOCALIZARON DATOS
- Cita de la fuente: Desarrollo de la personalidad en dos culturas, 1975:
- Información localizada: portada (Luis Lara Tapia)
902 ## - CATALOGADOR
- Catalogador: VAGG/030622
